000 00697nam a2200253Ia 4500
003 OSt
005 20220927105604.0
006 a|||||r|||| 00| 0
007 ta
008 220926b |||||||| |||| 00| 0 eng d
020 _a9780821363461
024 _a192027
037 _cReference Collections
040 _aRTL
_cRTL
_beng
041 _2eng
_aeng
082 _a"X:77:(D6,9(B),2771), UN"
110 _aWORLD BANK
245 0 _aInformation and Communications for Development
260 _aWashington
_bWorld Bank
300 _a"xviii, 303p."
_ccm.
700 _aWORLD BANK
942 _h"X:77:(D6,9(B),2771), UN"
_cCC
999 _c693326
_d693326